00614 a2200181 450000100060000002000240000604000240003010000190005424000370007324500320011030000100014236200090015265000260016194200070018795201050019495201160029999900170041547252 a850807431X (broch.) cAnchieta - Aquarius aScliar, Moacyr10a=O mistério da Casa Verdelpor10a=O mistério da Casa Verde a85p. 0 a2000 4aLiteratura brasileira cBK 00104070a87.1b87.1d2023-11-21l0o869.93 SCL OMIp5786/AQUr2023-11-21 15:14:05w2023-11-21yBK 00102udc4070a39.1b39.1d2024-07-22l0o028.5 S419mp5605/CCPr2024-07-22 13:52:09tEx. 1w2024-07-22yBKu c47252d47252